000 00321nam a2200145Ia 4500
005 20250423094410.0
008 250422s9999 xx 000 0 und d
020 _a978-975315-242-6
100 _aDaralnile
245 0 _aAl-quliba Daria
260 _aIstanbul
260 _bDaru- Nashr
260 _c2011
942 _cBK
999 _c27119
_d27119